Szczegóły MARC21

Podstawy zarządzania organizacjami /

005 -DATA I CZAS OSTATNIEJ MODYFIKACJI [,]
    • @
    • pole kontrolne
    • 20070315155141.9
040 -Instytucja sporządzająca opis [ , ]
    • a
    • Instytucja, która sporządziła opis (NP)
    • SZCZ U
    • c
    • Instytucja, która sporządziła rekord (NP)
    • SZCZ U
041 -Język dokumentu [1, ]
    • a
    • Język tekstu (P)
    • polski
    • h
    • Język tekstu oryginalnego i/lub pośredniego (P)
    • angielski
942 -Rodzaj dokumentu [ , ]
    • c
    • Rodzaj dokumentu
    • Książka
100 -Hasło główne - nazwa osobowa [ , ]
    • a
    • Nazwa osobowa (NP)
    • Griffin, Ricky W.
    • d
    • Daty biograficzne (NP)
    • (1950- ).
    • 9
    • KHW
    • 40678
245 -Strefa tytułu i oznaczenia odpowiedzialności [1, ]
    • a
    • Tytuł
    • Podstawy zarządzania organizacjami / Find
    • c
    • Pozostałe elementy strefy tytułu i oznaczenia odpowiedzialności (NP)
    • Ricky W.Griffin.
260 -Strefa adresu wydawniczego [ , ]
    • a
    • Miejsce wydania (P)
    • Warszawa :
    • b
    • Nazwa wydawcy (P)
    • Wydaw.Nauk.PWN,
    • c
    • Data wydania (P)
    • 1999.
300 -Strefa opisu fizycznego [ , ]
    • c
    • Format (NP)
    • 25 cm
500 -Uwaga ogólna [ , ]
    • a
    • Uwaga ogólna (NP)
    • Tł. z jęz. ang. - Ind
080 -Uniwersalna Klasyfikacja Dziesiętna [ , ]
    • a
    • Symbol klasyfikacji
    • 65.01
980 -Symbol UKD [ , ]
    • a
    • UKD
    • 65.01
Data inwentaryzacji Lokalizacja Sygnatura Numer inwentarzowy Status udost.
2000-01-14BE S.84924-3
2000-01-14BE S.84925-6
2000-01-14BE S.849262
2000-01-14BE S.849272
2000-01-14BE S.84928-3
2000-11-16BE S.87150-6
2000-11-16BE S.87151-3
2001-07-16BSASA.10706SA.10706-6
1999-04-06TT.499T.499-6
1999-04-06TT.500T.500-6
1999-04-06TT.501T.501-6
1999-04-06TT.502T.502-6
1999-12-09TT.1460T.1460-3
1999-12-09TT.1461T.1461-6
1999-12-09TT.1462T.1462-6
2000-11-16TT.3338T.3338-6
2000-11-16TT.3339T.3339-3